All foreign players FC Utrecht - Statistics

General Stats
  • This quiz has been taken 28 times
    26 since last reset
  • The average score is 24 of 164
Answer Stats
Hint Answer % Correct
Sébastien Haller
90%
Vasilis Barkas
71%
Anastasios Douvikas
62%
Can Bozdoğan
57%
Scott Booth
48%
Souffian El Karouani
48%
Taylor Booth
48%
David Jensen
43%
Dries Mertens
43%
Sean Klaiber
43%
Victor Jensen
43%
Zakaria Labyad
43%
Anthony Descotte
38%
Zidane Iqbal
38%
David Di Tomasso
33%
Isac Lidberg
33%
Jacob Mulenga
33%
Modibo Sagnan
33%
Yassin Ayoub
33%
Adrian Blake
29%
Amin Younes
29%
Dalmau
29%
Othmane Boussaid
29%
Alexander Gerndt
24%
Moussa Sylla
24%
Oscar Fraulo
24%
Rocco Shein
24%
Simon Gustafson
24%
Sofyan Amrabat
24%
Yoshiaki Takagi
24%
Andreas Ludwig
19%
Cyriel Dessers
19%
Édouard Duplan
19%
Ivar Jenner
19%
Jacob Lensky
19%
Jan Wuytens
19%
Johan Mårtensson
19%
Lamine Sané
19%
Michael Silberbauer
19%
Mihai Neşu
19%
Nana Asare
19%
Naoki Maeda
19%
Rico Strieder
19%
Timothy Derijck
19%
Włodzimierz Smolarek
19%
Adam Sarota
14%
Albert Lottin
14%
Arthur Zagré
14%
Didier Martel
14%
Emil Bergström
14%
Jean-Christophe Bahebeck
14%
Juan Agudelo
14%
Kristoffer Peterson
14%
Marcus Nilsson
14%
Mateusz Klich
14%
Michael Zullo
14%
Mimoun Mahi
14%
Nicolas Gavory
14%
Roberto Fernández
14%
Steve De Ridder
14%
Stijn Vreven
14%
Tommy Oar
14%
Vaclav Černý
14%
Adil Ramzi
10%
Ali Boussaboun
10%
Azubuike Oliseh
10%
Benaissa Benamar
10%
Bilal Ould-Chikh
10%
Cedric Badjeck
10%
Christian Dorda
10%
Daishawn Redan
10%
Dario Đumić
10%
David Nascimento
10%
Dionysios Sebwe
10%
Erixon Danso
10%
Ferdino Hernandez
10%
Francis Dickoh
10%
Franck Grandel
10%
Giuseppe Rossini
10%
Hans Somers
10%
Hugo Novoa
10%
Igor Gluščević
10%
Jamie Forrester
10%
John Linford
10%
John O'Brien
10%
Jonas Arweiler
10%
Kevin Conboy
10%
Kevin Vandenbergh
10%
Khalid Sinouh
10%
Lars Veldwijk
10%
Leon Guwara
10%
Loïc Loval
10%
Louis Nganioni
10%
Lucian Sânmărtean
10%
Lukas Görtler
10%
Matthias Maiwald
10%
Matthieu Delpierre
10%
Matty Willock
10%
Morten Skoubo
10%
Mourad Mghizrat
10%
Paulus Roiha
10%
Peter Kopteff
10%
Pontus Almqvist
10%
Prince Rajcomar
10%
Ramon Leeuwin
10%
Richal Leitoe
10%
Rubio Méndez-Rubín
10%
Sigmundur Kristjánsson
10%
Simon Cziommer
10%
Simon Makienok
10%
Stefaan Tanghe
10%
Tom Caluwé
10%
Tom Van Mol
10%
Toshiya Fujita
10%
Wolfram Kaminke
10%
Alan Johnstone
5%
Aleksandar Bjelica
5%
Atilla Yildirim
5%
Barnabas Liebhaber
5%
Blagoje Istatov
5%
Blagoje Paunović
5%
Branislav Veljković
5%
Carlos Hasselbaink
5%
Costas Costa
5%
Daniel Arzani
5%
Đorđe Milić
5%
Eric Oelschlägel
5%
Erik Mykland
5%
Esmat Shanwary
5%
Filip Bednarek
5%
Finn Seemann
5%
Floyd Streete
5%
Giovanni Troupée
5%
György Liptak
5%
Irfan Bachdim
5%
Issah Abass
5%
Issa Kallon
5%
Janos Hanek
5%
Jeredy Hilterman
5%
Jesus Reglero
5%
John Moore
5%
John Steen Olsen
5%
Jørgen Henriksen
5%
Ken Van Mierlo
5%
Kevin Young
5%
Leon Kantelberg
5%
Marc-Antoine Fortuné
5%
Marcus Phillips
5%
Mark Pabai
5%
Mark Tsiorlas
5%
Michel Kruin
5%
Miklós Dacsev
5%
Myenty Abena
5%
Nando Quesada
5%
Odartey Lawson
5%
Oussama Tannane
5%
Richairo Živković
5%
Robin Nelisse
5%
Srđan Obradović
5%
Stefano Lilipaly
5%
Steve Goble
5%
Tafari Moore
5%
Tibor Dombi
5%
Ulrich Crüden
5%
No matching quizzes found
Score Distribution
Percent of People with Each Score
Percentile by Number Answered
Your Score History
You have not taken this quiz since the last reset